00428nam a2200181Ia 4500008004100000020001800041050001400059100001800073245003800091245001800129260001500147260001600162260000900178300001400187300002700201300001000228500000800238170918s9999 xx 000 0 und d a9780590448505 bM468 1973 aMayer, Mercer aWhat do you do with a kangaroo? / cMercer Mayer. aNew York : bScholastic, c1973 aunpaged : bcolored illustration ; c23cm. a710